<?xml version="1.0" encoding="UTF-8"?>
<collection xmlns="http://www.loc.gov/MARC21/slim">
 <record>
  <leader>01643nam a22002417a 4500</leader>
  <controlfield tag="001">NCT_53665</controlfield>
  <controlfield tag="008">181019b        xxu||||| |||| 00| 0 vie d</controlfield>
  <datafield tag="999" ind1=" " ind2=" ">
   <subfield code="c">2572</subfield>
   <subfield code="d">2572</subfield>
  </datafield>
  <datafield tag="020" ind1=" " ind2=" ">
   <subfield code="a">9786049504068</subfield>
   <subfield code="c">580000</subfield>
  </datafield>
  <datafield tag="082" ind1="0" ind2="4">
   <subfield code="2">23rd ed.</subfield>
   <subfield code="a">005.4</subfield>
   <subfield code="b">Tr513</subfield>
  </datafield>
  <datafield tag="100" ind1="1" ind2=" ">
   <subfield code="a">Hồ Quốc Trung</subfield>
  </datafield>
  <datafield tag="245" ind1="1" ind2="0">
   <subfield code="a">Nhập môn Linux và phần mềm mã nguồn mở</subfield>
   <subfield code="c">Hồ Quốc Trung</subfield>
  </datafield>
  <datafield tag="260" ind1=" " ind2=" ">
   <subfield code="a">H.</subfield>
   <subfield code="b">Bách khoa hà Nội</subfield>
   <subfield code="c">2018</subfield>
  </datafield>
  <datafield tag="300" ind1=" " ind2=" ">
   <subfield code="a">119 tr.</subfield>
   <subfield code="b">Hình vẽ</subfield>
   <subfield code="c">24cm</subfield>
  </datafield>
  <datafield tag="520" ind1="3" ind2=" ">
   <subfield code="a">Sách cung cấp kiến thức cơ bản, các thông tin hướng dẫn cần thiết để có thể cài đặt, sử dụng và quản trị các hệ thống phần mền mã nguồn mở một cách hiệu quả.</subfield>
  </datafield>
  <datafield tag="653" ind1=" " ind2=" ">
   <subfield code="a">Công nghệ thông tin</subfield>
  </datafield>
  <datafield tag="942" ind1=" " ind2=" ">
   <subfield code="2">ddc</subfield>
   <subfield code="c">BK</subfield>
  </datafield>
  <datafield tag="952" ind1=" " ind2=" ">
   <subfield code="0">0</subfield>
   <subfield code="1">0</subfield>
   <subfield code="2">ddc</subfield>
   <subfield code="4">0</subfield>
   <subfield code="6">005_400000000000000_TR513</subfield>
   <subfield code="7">0</subfield>
   <subfield code="9">14658</subfield>
   <subfield code="a">000001</subfield>
   <subfield code="b">000001</subfield>
   <subfield code="d">2018-10-19</subfield>
   <subfield code="o">005.4 Tr513</subfield>
   <subfield code="p">MD.13527</subfield>
   <subfield code="r">2018-10-19</subfield>
   <subfield code="v">58000.00</subfield>
   <subfield code="w">2018-10-19</subfield>
   <subfield code="y">BK</subfield>
  </datafield>
  <datafield tag="952" ind1=" " ind2=" ">
   <subfield code="0">0</subfield>
   <subfield code="1">0</subfield>
   <subfield code="2">ddc</subfield>
   <subfield code="4">0</subfield>
   <subfield code="6">005_400000000000000_TR513</subfield>
   <subfield code="7">0</subfield>
   <subfield code="9">14659</subfield>
   <subfield code="a">000001</subfield>
   <subfield code="b">000001</subfield>
   <subfield code="d">2018-10-19</subfield>
   <subfield code="o">005.4 Tr513</subfield>
   <subfield code="p">MD.13528</subfield>
   <subfield code="r">2018-10-19</subfield>
   <subfield code="v">58000.00</subfield>
   <subfield code="w">2018-10-19</subfield>
   <subfield code="y">BK</subfield>
  </datafield>
  <datafield tag="952" ind1=" " ind2=" ">
   <subfield code="0">0</subfield>
   <subfield code="1">0</subfield>
   <subfield code="2">ddc</subfield>
   <subfield code="4">0</subfield>
   <subfield code="6">005_400000000000000_TR513</subfield>
   <subfield code="7">0</subfield>
   <subfield code="9">14660</subfield>
   <subfield code="a">000001</subfield>
   <subfield code="b">000001</subfield>
   <subfield code="d">2018-10-19</subfield>
   <subfield code="o">005.4 Tr513</subfield>
   <subfield code="p">MD.13529</subfield>
   <subfield code="r">2018-10-19</subfield>
   <subfield code="v">58000.00</subfield>
   <subfield code="w">2018-10-19</subfield>
   <subfield code="y">BK</subfield>
  </datafield>
  <datafield tag="952" ind1=" " ind2=" ">
   <subfield code="0">0</subfield>
   <subfield code="1">0</subfield>
   <subfield code="2">ddc</subfield>
   <subfield code="4">0</subfield>
   <subfield code="6">005_400000000000000_TR513</subfield>
   <subfield code="7">0</subfield>
   <subfield code="9">14661</subfield>
   <subfield code="a">000001</subfield>
   <subfield code="b">000001</subfield>
   <subfield code="d">2018-10-19</subfield>
   <subfield code="o">005.4 Tr513</subfield>
   <subfield code="p">MD.13530</subfield>
   <subfield code="r">2018-10-19</subfield>
   <subfield code="v">58000.00</subfield>
   <subfield code="w">2018-10-19</subfield>
   <subfield code="y">BK</subfield>
  </datafield>
  <datafield tag="952" ind1=" " ind2=" ">
   <subfield code="0">0</subfield>
   <subfield code="1">0</subfield>
   <subfield code="2">ddc</subfield>
   <subfield code="4">0</subfield>
   <subfield code="6">005_400000000000000_TR513</subfield>
   <subfield code="7">0</subfield>
   <subfield code="9">14662</subfield>
   <subfield code="a">000001</subfield>
   <subfield code="b">000001</subfield>
   <subfield code="d">2018-10-19</subfield>
   <subfield code="o">005.4 Tr513</subfield>
   <subfield code="p">MD.13531</subfield>
   <subfield code="r">2018-10-19</subfield>
   <subfield code="v">58000.00</subfield>
   <subfield code="w">2018-10-19</subfield>
   <subfield code="y">BK</subfield>
  </datafield>
  <datafield tag="980" ind1=" " ind2=" ">
   <subfield code="a">Thư viện Trường Đại học Nam Cần Thơ</subfield>
  </datafield>
 </record>
</collection>
